00411nam a2200145Ia 4500100002700000942000700027654001900034245001900053260003900072082002000111300000800131546001200139999001700151952009700168 aMukhedkar/Godse.Ghosh  cBK aC programming aC programming bTECHNICAL PUBLICATIONSaPunec1997 a005.133'C'bMUK a262 aENGLISH c22386d22386 001040708CRCaCRCEbCRCEd2023-03-17l0o005.133'C' MUKp9238r2023-03-17w2023-03-17yBK